Programming with microsoft visual basic 2005. / (Record no. 3065)
[ view plain ]
| 000 -LEADER | |
|---|---|
| fixed length control field | 01362nam a22001697a 4500 |
| 008 - FIXED-LENGTH DATA ELEMENTS--GENERAL INFORMATION | |
| fixed length control field | 140624b xxu||||| |||| 00| 0 eng d |
| 020 ## - INTERNATIONAL STANDARD BOOK NUMBER | |
| International Standard Book Number | 139781418836740 |
| 050 ## - LIBRARY OF CONGRESS CALL NUMBER | |
| Classification number | QA76.76.B3 Z35 |
| 100 ## - MAIN ENTRY--PERSONAL NAME | |
| Personal name | Zak, Diane. |
| 245 ## - TITLE STATEMENT | |
| Title | Programming with microsoft visual basic 2005. / |
| Statement of responsibility, etc. | Diane Zak |
| 250 ## - EDITION STATEMENT | |
| Edition statement | 3rd ed. |
| 260 ## - PUBLICATION, DISTRIBUTION, ETC. | |
| Place of publication, distribution, etc. | U.S.A: |
| Name of publisher, distributor, etc. | Thomson C.T, |
| Date of publication, distribution, etc. | 2007. |
| 300 ## - PHYSICAL DESCRIPTION | |
| Extent | xxviii,986p.: |
| Other physical details | ill.; |
| Dimensions | 25cm. |
| 500 ## - GENERAL NOTE | |
| General note | Includes index and appendix. |
| 505 ## - FORMATTED CONTENTS NOTE | |
| Formatted contents note | Contents: An Overview of programming: A history and a demonstration of visual basic 2005 -- An Introduction to visual basic 2005: Creating a copyright screen -- Describing applications: Creating an order screen -- Using variables and constants: Revising the skate-away sales application -- The Selection structure: Creating a monthly payment calculator application -- More on the selection structure: Creating a math practice application -- The Repetition structure: Creating the shoppers haven application -- Sub and function procedures: Creating a payroll application -- Manipulating strings: Creating a hangman game application -- Arrays: Creating the perrytown gift shop application -- Structures and sequential access files: Creating the friends application -- Classes and objects: Creating the Kessler landscaping application -- Using Ado.net 2.0: Creating the trivia game application. |
| 942 ## - ADDED ENTRY ELEMENTS (KOHA) | |
| Source of classification or shelving scheme | Library of Congress Classification |
| Koha item type | Books |
| Withdrawn status | Lost status | Source of classification or shelving scheme | Damaged status | Not for loan | Home library | Current library | Shelving location | Date acquired | Total Checkouts | Full call number | Barcode | Date last seen | Price effective from | Koha item type |
|---|---|---|---|---|---|---|---|---|---|---|---|---|---|---|
| Library of Congress Classification | WISCONSIN INTERNATIONAL UNIVERSITY COLLEGE, GHANA - MAIN LIBRARY | WISCONSIN INTERNATIONAL UNIVERSITY COLLEGE, GHANA - MAIN LIBRARY | Reference | 24/06/2014 | QA76.76.B3 Z35 | 7052/69/13 | 24/06/2014 | 24/06/2014 | Books |
